01163 a2200265 4500003000500000005001700005010001700022020002800039020003100067035002100098035002400119040000900143082002000152100002700172245006700199260005100266300002900317505024400346650003400590700002800624856008300652942001300735999001900748952013000767Nust20220816152715.0 a 2008030348 a1848210558 (alk. paper) a9781848210554 (alk. paper) a(OCoLC)230183428 a(OCoLC)ocn230183428 cNust00a621.3820151,FIC1 aFiche, Georges.99750010aMathematics for engineers /cGeorges Fiche and Guard Houterne. aLondon :bISTE ;aHoboken, NJ :bWiley,c2008. a435 p. :bill. ;c25 cm. aProbability Theory (Page-19), Probability Laws (Page-58), Statistics (Page-87), Signal Theory (Page-113), Information Coding Theory (Page-201), Traffic and Queuing Theory (Page-289), Reliability Theory (Page-363)Simulation (Page-399).  0aTelecommunication engineering1 aHouterne, Guard.997501413Table of contents onlyuhttp://www.loc.gov/catdir/toc/ecip0823/2008030348.html cREF2ddc c188412d188412 00102ddc4070aMCSbMCScREFd2016-12-12o621.3820151,FICpMCS34700r2016-12-08w2016-12-12yREFzAlmirah No.22, Shelf No.2